Sports Quiz

Random Sports or Grab Bag Quiz
Score 0/28 Timer 04:00
2 Plays Today
Hint Answer % Correct
Begins With 'T'Tennessee Titans
81.7%
Contains 'J'Jacksonville Jaguars
76.4%
Contains 'J'Utah Jazz
73.9%
Contains 'Z'Utah Jazz
73.9%
Ends With 'X'Boston Red Sox
72.2%
Ends With 'X'Chicago White Sox
71.8%
Contains 'J'New York Jets
66.2%
Contains 'J'Winnipeg Jets
66.2%
Begins With 'T'Houston Texans
63.2%
Begins With 'F'Atlanta Falcons
61.8%
Begins With 'T'Detroit Tigers
57.9%
Begins With 'D'Arizona Diamondbacks
54.7%
Begins With 'T'Minnesota Timberwolves
49.9%
Begins With 'T'Oklahoma City Thunder
44.9%
Hint Answer % Correct
Begins With 'D'Miami Dolphins
44.3%
Begins With 'T'Minnesota Twins
43.6%
Begins With 'F'Calgary Flames
43.2%
Begins With 'F'Philadelphia Flyers
43%
Begins With 'D'Los Angeles Dodgers
42.7%
Begins With 'D'Anaheim Ducks
42.5%
Begins With 'T'Portland Trail Blazers
42%
Contains 'Z'Portland Trail Blazers
42%
Contains 'J'Toronto Blue Jays
39.7%
Begins With 'D'New Jersey Devils
37%
Contains 'Z'Memphis Grizzlies
36.4%
Contains 'J'Columbus Blue Jackets
29%
Contains 'Z'Washington Wizards
28.1%
Ends With 'E'Colorado Avalanche
28.1%

You're not logged in!

Compare scores with friends on all Sporcle quizzes.
OR
Log In

Sporcle TV

Today on Sporcle TV


Watch our educational content, quiz creation guides, and fun videos on Sporcle TV.

Show Comments

Extras

Top Quizzes Today


Score Distribution

Paid Content

Your Account Isn't Verified!

In order to create a playlist on Sporcle, you need to verify the email address you used during registration. Go to your Sporcle Settings to finish the process.

Report this User

Report this user for behavior that violates our Community Guidelines.

Details: